Didáctica general de la enseñanza media /

Guardado en:
Autor Principal: Cassani, Juan Emilio
Formato: Libro
Publicado: Buenos Aires : Librer¡a del Coleg¡o, 1978
Edición:2a. ed.
Series:Nueva Pedagog¡a, 23
Materias:
Etiquetas: Agregar Etiqueta
Sin Etiquetas, Sea el primero en etiquetar este registro!
LEADER 00542nam a22001935a 4500
001 CEM.cems001481
005 20060214000000.0
008 130507s1978##################000#0#####d
003 CEMS
082 0 4 |a 373 
100 1 |a Cassani, Juan Emilio 
245 1 0 |a Didáctica general de la enseñanza media / 
250 |a 2a. ed. 
260 |a Buenos Aires :  |b Librer¡a del Coleg¡o,  |c 1978 
300 |a 376 p. 
490 0 |a Nueva Pedagog¡a, 23 
653 |a Didactica 
653 |a Educacion 
859 |a CEMS  |b BIB. CEMS - 11 de abril  |h 373  |i C271a2  |p 12808.83  |t Ej.1